| Tag |
First Indicator |
Second Indicator |
Subfields |
| LEADER |
00000cam a2200000 4500 |
| 001 |
in00000083727 |
| 005 |
20151008053142.0 |
| 008 |
790110s1947 ii a 00000 eng |
| 010 |
|
|
|a 48009991
|
| 035 |
|
|
|a (OCoLC)04537932
|
| 035 |
|
|
|9 AAH6429AM
|
| 040 |
|
|
|a DLC
|c ZXC
|d TXA
|d UtOrBLW
|
| 049 |
|
|
|a TXAM
|c [175717]
|
| 050 |
0 |
0 |
|a HF1411
|b .R3
|
| 082 |
0 |
|
|a 380.18
|
| 092 |
|
|
|a 380.18
|b R196i
|
| 100 |
1 |
|
|a Rangnekar, S. B.
|
| 245 |
1 |
0 |
|a Imperfect competition in international trade /
|c Ed. by J. J. Anjaria.
|
| 264 |
|
1 |
|a [Bombay],
|a [New York] :
|b Indian Branch, Oxford Univ. Press,
|c [1947]
|
| 300 |
|
|
|a xvi, 187 pages :
|b diagrams ;
|c 23 cm.
|
| 336 |
|
|
|a text
|b txt
|2 rdacontent
|
| 337 |
|
|
|a unmediated
|b n
|2 rdamedia
|
| 338 |
|
|
|a volume
|b nc
|2 rdacarrier
|
| 490 |
1 |
|
|a University of Bombay publications. Economic series, no. 1
|
| 500 |
|
|
|a "Originally written as a thesis for the PH. D. degree of ... [Bombay] University."
|
| 650 |
|
0 |
|a Competition, International.
|
| 650 |
|
0 |
|a Competition, Unfair.
|
| 650 |
|
0 |
|a Commercial policy.
|
| 700 |
1 |
|
|a Anjaria, J. J.
|q (Jashwantrai Jayantilal),
|d 1908-1970.
|
| 830 |
|
0 |
|a University of Bombay publications.
|p Economic series ;
|v no. 1.
|
| 999 |
|
|
|a MARS
|
| 999 |
f |
f |
|s f1f95989-84bc-3de9-af63-0805009f0e26
|i f07e5244-3d44-3f93-81e3-d3c2f26b83e3
|t 0
|
| 952 |
f |
f |
|p ric
|a Texas A&M University
|b Rellis Campus
|c Joint Library Facility
|d Remote Storage
|t 0
|e HF1411 .R3
|h Library of Congress classification
|i unmediated -- volume
|m A14800873442
|
| 998 |
f |
f |
|a HF1411 .R3
|t 0
|l Remote Storage
|